000 00709nam a2200277Ia 4500
005 20260324113031.0
008 008 260324s9999 xx 000 0 eng d
020 _a9781003306580
037 _aEBOOK
040 _aCRL
040 _beng
040 _cCRL
041 _2eng
041 _aeng
084 _qCRL
100 _aOmar Benhar; Andrea Maselli; Alessandro Lovato; Francesco Pannarale
_91145151
245 0 _aNuclear Theory in the Age of Multimessenger Astronomy
260 _bTaylor and Francis
260 _c2024
365 _a
365 _b225
856 _uhttp://www.taylorfrancis.com/books/9781003306580
942 _cEBOOK
999 _c1734586
_d1734586